Prezydenci Polski od 1989 r. - Statystyki

Ogólne statystyki
  • Ten quiz został rozwiązany 153 razy
  • Średni wynik to 7 z 7
Statystyki odpowiedzi
Hint Odpowiedź % Poprawnych
2015-2025 Andrzej Duda
100%
2025- Karol Nawrocki
99%
2005–2010 Lech Kaczyński
99%
1990–1995 Lech Wałęsa
99%
1995–2005 Aleksander Kwaśniewski
96%
2010–2015 Bronisław Komorowski
96%
1989–1990 Wojciech Jaruzelski
90%
Nie znaleziono quizów pasujących do podanych kryteriów
Rozkład punktacji
Procent ludzi z każdym wynikiem
Percentyl według liczby udzielonych odpowiedzi
Twoja historia wyników
Nie rozwiązałeś tego quizu